|
|
|
|
| LEADER |
00000nab#a22000007a#4500 |
| 001 |
arbauad016787 |
| 003 |
AR-BaUAD |
| 005 |
20250711111526.0 |
| 008 |
960219|||||||||###||||||b###|0###a|spa|| |
| 040 |
|
|
|a AR-BaUAD
|c AR-BaUAD
|b spa
|
| 245 |
1 |
0 |
|a Opera en la Bahía de Cardiff
|
| 300 |
0 |
|
|b cortes, il., plantas, vistas
|
| 500 |
|
|
|a Concurso/primer premio.
|
| 653 |
|
|
|a HADID, ZAHA
|
| 653 |
|
|
|a OPERA DE CARDIFF
|
| 653 |
|
|
|a INGLATERRA
|
| 653 |
|
|
|a REINO UNIDO
|
| 653 |
|
|
|a AUDITORIOS
|
| 653 |
|
|
|a TEATROS
|
| 653 |
|
|
|a SALAS DE CONCIERTOS
|
| 653 |
|
|
|a PROYECTOS
|
| 773 |
0 |
|
|t El Croquis
|g año 14, no. 73 I [1995], p. 102-113
|
| 942 |
|
|
|c ARTI
|
| 952 |
|
|
|0 0
|1 0
|4 0
|7 0
|9 61707
|a AR-BAuAD
|b AR-BAuAD
|d 2025-07-11
|l 0
|p AAQA016787
|r 2025-07-11 11:15:26
|w 2025-07-11
|y ARTI
|
| 990 |
|
|
|a AQ199
|b TD
|
| 998 |
|
|
|a AAQ
|b BIBUN76
|
| 999 |
|
|
|c 41380
|d 41380
|